000
00321nam a2200133Ia 4500
008
240821s2022 xx 000 0 und d
020
_a
9781644391017
041
_a
eng
082
_a
612
100
_a
Harry Lee.
245
_a
Medical Physiology A System Approach/
260
_b
Medicare
_c
2022
650
_a
Physiology
999
_c
1181342
_d
1181342